| Tag |
First Indicator |
Second Indicator |
Subfields |
| LEADER |
00000cam a2200000 4500 |
| 001 |
in00000034496 |
| 005 |
20151007060734.0 |
| 008 |
800626s1950 dcua 00000 eng d |
| 035 |
|
|
|a (OCoLC)06464678
|
| 035 |
|
|
|9 AAD0023AM
|
| 040 |
|
|
|a TXA
|c TXA
|d UtOrBLW
|
| 049 |
|
|
|a TXAM
|c [262913]
|
| 092 |
|
|
|a 796
|b J82
|
| 100 |
1 |
|
|a Jordan, Jerry N.
|
| 245 |
1 |
4 |
|a The long-range effect of television and other factors on sports attendance.
|
| 264 |
|
1 |
|a Washington :
|b Radio Television Manufacturers Association,
|c [1950]
|
| 300 |
|
|
|a 112 pages :
|b illustrations
|
| 336 |
|
|
|a text
|b txt
|2 rdacontent
|
| 337 |
|
|
|a unmediated
|b n
|2 rdamedia
|
| 338 |
|
|
|a volume
|b nc
|2 rdacarrier
|
| 502 |
|
|
|c University of Pennsylvania.
|
| 650 |
|
0 |
|a Sports.
|
| 650 |
|
0 |
|a Football attendance.
|
| 650 |
|
0 |
|a Television and baseball.
|
| 740 |
4 |
|
|a The effect of television on sports attendances.
|
| 999 |
|
|
|a MARS
|
| 999 |
f |
f |
|s b9ca78fd-3776-3b52-9f0b-2828608b5d94
|i 8816ac3c-8a1c-39bb-90a1-47c80d0c1a1c
|t 0
|
| 952 |
f |
f |
|a Texas A&M University
|b College Station
|c Sterling C. Evans Library
|d Evans: Library Stacks
|t 0
|e 796 J82
|h Dewey Decimal classification
|
| 998 |
f |
f |
|a 796 J82
|t 0
|l Evans: Library Stacks
|